[Event "Madrid-chT 2223"]
[Site "Madrid"]
[Date "2023.02.05"]
[Round "8.5"]
[White "Suarez Uriel, Adrian"]
[Black "Horcajuelo Rocamora, Martin"]
[Result "0-1"]
[WhiteElo "2373"]
[BlackElo "2075"]
[PlyCount "104"]
[EventDate "2022.11.20"]
[EventType "team-tourn"]
[EventRounds "14"]
[EventCountry "ESP"]
[SourceTitle "Ajedrez en Madrid"]
[Source "lmi"]
[SourceDate "2022.11.21"]
[SourceVersion "1"]
[SourceVersionDate "2023.03.23"]
[SourceQuality "1"]
[WhiteTeam "Collado Villalba"]
[BlackTeam "Alcorcon Diagonal"]
[WhiteTeamCountry "ESP"]
[BlackTeamCountry "ESP"]

1. e4 c5 2. Nf3 d6 3. d4 cxd4 4. Nxd4 Nf6 5. Nc3 a6 6. Be3 e5 7. Nb3 Be7 8. f3
Be6 9. Qd2 h5 10. Be2 d5 11. exd5 Nxd5 12. Nxd5 Qxd5 13. Qxd5 Bxd5 14. O-O-O
Be6 15. Nc5 Bxc5 16. Bxc5 Nd7 17. Bd6 Rc8 18. b3 Rh6 19. Rhe1 Rc6 20. Ba3 f6
21. f4 e4 22. Rd4 f5 23. Red1 Nf6 24. Rd8+ Kf7 25. Rb8 b5 26. Rb7+ Kg8 27. Rd8+
Kh7 28. Bb2 h4 29. Rf8 Nd7 30. Re8 Rg6 31. Bf1 Nf6 32. Ree7 Nd5 33. Rxg7+ Rxg7
34. Rxg7+ Kh6 35. Kd2 Nb4 36. c4 bxc4 37. Rb7 Nd3 38. bxc4 Bxc4 39. Bxd3 Bxd3
40. Bc3 Rg6 41. g3 hxg3 42. hxg3 Rxg3 43. a4 Bc4 44. Re7 Bb3 45. Be5 Rd3+ 46.
Ke2 Bxa4 47. Re6+ Kh5 48. Rxa6 Bb5 49. Rb6 Rb3+ 50. Ke1 e3 51. Rd6 e2 52. Kf2
Rf3+ 0-1

[Event "Madrid-chT 2223"]
[Site "Madrid"]
[Date "2023.02.05"]
[Round "8.6"]
[White "Rey Martinez, Jaime"]
[Black "Quispe Arteaga, Gabriel"]
[Result "1/2-1/2"]
[WhiteElo "2251"]
[BlackElo "2377"]
[PlyCount "113"]
[EventDate "2022.11.20"]
[EventType "team-tourn"]
[EventRounds "14"]
[EventCountry "ESP"]
[SourceTitle "Ajedrez en Madrid"]
[Source "lmi"]
[SourceDate "2022.11.21"]
[SourceVersion "1"]
[SourceVersionDate "2023.03.23"]
[SourceQuality "1"]
[WhiteTeam "Alcorcon Diagonal"]
[BlackTeam "Collado Villalba"]
[WhiteTeamCountry "ESP"]
[BlackTeamCountry "ESP"]

1. e4 c5 2. Nf3 e6 3. d4 cxd4 4. Nxd4 Nf6 5. Nc3 Nc6 6. Ndb5 Bb4 7. a3 Bxc3+ 8.
Nxc3 d5 9. Bd3 dxe4 10. Nxe4 Nxe4 11. Bxe4 Qxd1+ 12. Kxd1 Bd7 13. f3 O-O-O 14.
Be3 f5 15. Bxc6 Bxc6+ 16. Ke2 b6 17. Bf4 e5 18. Bd2 Bb5+ 19. Ke1 Rd6 20. Bc3
Rhd8 21. Kf2 Rd2+ 22. Bxd2 Rxd2+ 23. Kg3 f4+ 24. Kh3 Bd7+ 25. g4 h5 26. Rad1
Rf2 27. Rhf1 Rxf3+ 28. Rxf3 hxg4+ 29. Kg2 Bc6 30. Rd6 gxf3+ 31. Kf1 Bb7 32. Rg6
e4 33. Rg4 g5 34. Rxg5 Ba6+ 35. Kf2 Be2 36. Rf5 e3+ 37. Ke1 Bc4 38. Rxf4 f2+
39. Rxf2 exf2+ 40. Kxf2 Kd7 41. Ke3 Be6 42. Kd4 Kd6 43. c4 Bh3 44. b4 Kc6 45.
a4 Bg4 46. h4 Bd1 47. a5 Be2 48. Kc3 Kd7 49. Kd4 Ke6 50. axb6 axb6 51. c5 b5
52. Ke4 Bd1 53. Kf4 Kf6 54. Ke4 Ke6 55. Kf4 Kf6 56. Ke4 Ke6 57. Kf4 1/2-1/2

[Event "Madrid-chT 2223"]
[Site "Madrid"]
[Date "2023.02.05"]
[Round "8.1"]
[White "Almagro Llamas, Pablo"]
[Black "Garcia Luengo, Leandro"]
[Result "1-0"]
[WhiteElo "2410"]
[BlackElo "2278"]
[PlyCount "71"]
[EventDate "2022.11.20"]
[EventType "team-tourn"]
[EventRounds "14"]
[EventCountry "ESP"]
[SourceTitle "Ajedrez en Madrid"]
[Source "lmi"]
[SourceDate "2022.11.21"]
[SourceVersion "1"]
[SourceVersionDate "2023.03.23"]
[SourceQuality "1"]
[WhiteTeam "Virgen de Atocha"]
[BlackTeam "San Fernando de Henares"]
[WhiteTeamCountry "ESP"]
[BlackTeamCountry "ESP"]

1. d4 Nf6 2. Nf3 d5 3. c4 c6 4. e3 Bg4 5. Nc3 e6 6. h3 Bxf3 7. Qxf3 Nbd7 8. Bd3
Bd6 9. O-O Qe7 10. cxd5 exd5 11. Re1 O-O 12. e4 dxe4 13. Nxe4 Nxe4 14. Bxe4 g6
15. Bd2 Qf6 16. d5 Qxf3 17. Bxf3 c5 18. a4 Rfe8 19. Rxe8+ Rxe8 20. Kf1 Kf8 21.
a5 a6 22. Ra3 Ke7 23. h4 h5 24. Bg5+ f6 25. Bd2 Kd8 26. Be2 Be5 27. f4 Bd4 28.
Rg3 f5 29. Rxg6 Nf6 30. b3 Kc8 31. Bd3 Nxd5 32. Bxf5+ Kb8 33. Be6 Be3 34. Bxe3
Nxe3+ 35. Kg1 Nc2 36. Rg8 1-0

[Event "Madrid-chT 2223"]
[Site "Madrid"]
[Date "2023.02.05"]
[Round "8.2"]
[White "Perez Gonzalez, Jose Manuel"]
[Black "Vallejo Diaz, Javier"]
[Result "1/2-1/2"]
[WhiteElo "2212"]
[BlackElo "2365"]
[PlyCount "44"]
[EventDate "2022.11.20"]
[EventType "team-tourn"]
[EventRounds "14"]
[EventCountry "ESP"]
[SourceTitle "Ajedrez en Madrid"]
[Source "lmi"]
[SourceDate "2022.11.21"]
[SourceVersion "1"]
[SourceVersionDate "2023.03.23"]
[SourceQuality "1"]
[WhiteTeam "San Fernando de Henares"]
[BlackTeam "Virgen de Atocha"]
[WhiteTeamCountry "ESP"]
[BlackTeamCountry "ESP"]

1. e4 c6 2. Nc3 d5 3. Nf3 Bg4 4. h3 Bxf3 5. Qxf3 e6 6. Be2 Nf6 7. O-O Nbd7 8.
d4 dxe4 9. Nxe4 Nxe4 10. Qxe4 Nf6 11. Qd3 Be7 12. c3 O-O 13. Qg3 Bd6 14. Qh4
Nd5 15. Bg5 Be7 16. Bd3 g6 17. f4 Re8 18. Rae1 c5 19. Bxe7 Rxe7 20. dxc5 Rc7
21. Qxd8+ Rxd8 22. Be4 Rxc5 1/2-1/2

[Event "Madrid-chT 2223"]
[Site "Madrid"]
[Date "2023.02.05"]
[Round "8.3"]
[White "Vazquez Torres, Adrian"]
[Black "Garrido Olivares, Ricard"]
[Result "0-1"]
[WhiteElo "2190"]
[BlackElo "2186"]
[PlyCount "114"]
[EventDate "2022.11.20"]
[EventType "team-tourn"]
[EventRounds "14"]
[EventCountry "ESP"]
[SourceTitle "Ajedrez en Madrid"]
[Source "lmi"]
[SourceDate "2022.11.21"]
[SourceVersion "1"]
[SourceVersionDate "2023.03.23"]
[SourceQuality "1"]
[WhiteTeam "Virgen de Atocha"]
[BlackTeam "San Fernando de Henares"]
[WhiteTeamCountry "ESP"]
[BlackTeamCountry "ESP"]

1. e4 c6 2. d4 d5 3. Nc3 dxe4 4. Nxe4 Nf6 5. Ng3 h5 6. h4 Bg4 7. Be2 Nbd7 8. f3
Qc7 9. Kf2 Be6 10. c4 Rd8 11. Be3 c5 12. d5 Ne5 13. Qc2 Bc8 14. Ne4 Nxe4+ 15.
Qxe4 g6 16. Bf4 Bg7 17. Re1 Bf5 18. Qe3 O-O 19. g4 hxg4 20. fxg4 Bxg4 21. Kg3
Bxe2 22. Qxe2 f6 23. Nf3 Rd6 24. h5 Qd7 25. Bxe5 fxe5 26. h6 Rf4 27. Ng5 Qf5
28. Ne4 Bxh6 29. Rxh6 Rxe4 30. Qxe4 Qg5+ 31. Qg4 Qxh6 32. Rxe5 Qc1 33. Qc8+ Kf7
34. Qh3 Qg1+ 35. Qg2 Qxg2+ 36. Kxg2 Kf6 37. Re3 e6 38. Rf3+ Ke7 39. Re3 Kd7 40.
Re5 exd5 41. cxd5 Rf6 42. a4 Kd6 43. Rg5 b6 44. b3 a6 45. Kg1 b5 46. axb5 axb5
47. Kg2 c4 48. bxc4 bxc4 49. Kg1 Kc5 50. Kg2 Kb4 51. Re5 Rd6 52. Kf3 c3 53. Ke2
Kc4 54. Rg5 c2 55. Kd2 Rxd5+ 56. Rxd5 Kxd5 57. Kxc2 Ke4 0-1

[Event "Madrid-chT 2223"]
[Site "Madrid"]
[Date "2023.02.05"]
[Round "8.4"]
[White "Jimenez Lopez, Antonio"]
[Black "Fernandez de Bobadilla, Gabriel"]
[Result "1-0"]
[WhiteElo "2219"]
[BlackElo "2163"]
[PlyCount "93"]
[EventDate "2022.11.20"]
[EventType "team-tourn"]
[EventRounds "14"]
[EventCountry "ESP"]
[SourceTitle "Ajedrez en Madrid"]
[Source "lmi"]
[SourceDate "2022.11.21"]
[SourceVersion "1"]
[SourceVersionDate "2023.03.23"]
[SourceQuality "1"]
[WhiteTeam "San Fernando de Henares"]
[BlackTeam "Virgen de Atocha"]
[WhiteTeamCountry "ESP"]
[BlackTeamCountry "ESP"]

1. e4 c5 2. Nf3 Nc6 3. d4 cxd4 4. Nxd4 Nf6 5. Nc3 d6 6. Bg5 e6 7. Qd2 Qb6 8.
Nb3 a6 9. Be2 Be7 10. O-O O-O 11. Rae1 Rd8 12. Be3 Qc7 13. f4 b5 14. Bf3 Rb8
15. Qf2 b4 16. Na4 Nd7 17. Rc1 Na5 18. Nd2 Nc5 19. Nxc5 dxc5 20. e5 Bb7 21. c4
bxc3 22. Rxc3 Bxf3 23. Nxf3 c4 24. Rfc1 Bb4 25. R3c2 Rd3 26. Kh1 Qd7 27. Bc5
Rd1+ 28. Ng1 Rxc1 29. Rxc1 Bxc5 30. Qxc5 Qb5 31. Qc7 Qb6 32. Qxb6 Rxb6 33. Rc2
h6 34. g3 Rb5 35. Kg2 g5 36. Nf3 gxf4 37. gxf4 Rd5 38. Kf2 Kg7 39. Ke3 Rd3+ 40.
Ke4 f5+ 41. exf6+ Kxf6 42. Ne5 Rh3 43. Rg2 c3 44. b4 c2 45. Rxc2 Nb7 46. Rd2
Rc3 47. Rd7 1-0

[Event "Madrid-chT 2223"]
[Site "Madrid"]
[Date "2023.02.05"]
[Round "8.5"]
[White "Horcajada Reales, Guillermo"]
[Black "Gallego Bergada, Antoni"]
[Result "1/2-1/2"]
[WhiteElo "2081"]
[BlackElo "2138"]
[PlyCount "93"]
[EventDate "2022.11.20"]
[EventType "team-tourn"]
[EventRounds "14"]
[EventCountry "ESP"]
[SourceTitle "Ajedrez en Madrid"]
[Source "lmi"]
[SourceDate "2022.11.21"]
[SourceVersion "1"]
[SourceVersionDate "2023.03.23"]
[SourceQuality "1"]
[WhiteTeam "Virgen de Atocha"]
[BlackTeam "San Fernando de Henares"]
[WhiteTeamCountry "ESP"]
[BlackTeamCountry "ESP"]

1. c4 f5 2. g3 Nf6 3. Bg2 e6 4. d4 Ne4 5. Nh3 Be7 6. O-O O-O 7. f3 Nf6 8. e4
fxe4 9. fxe4 d6 10. Nc3 e5 11. d5 a5 12. Nf2 Na6 13. Bh3 Qe8 14. Bxc8 Rxc8 15.
Be3 Qg6 16. Qd2 Nh5 17. Kg2 h6 18. Nd3 Nf6 19. Nf2 Nh5 20. Nd3 Nf6 21. Nf2 Rf7
22. Rae1 Rcf8 23. Qe2 Nh5 24. Nd3 Nf4+ 25. Bxf4 exf4 26. Rf3 Bh4 27. Ref1 fxg3
28. hxg3 Nb4 29. Nxb4 axb4 30. Nb5 Bf6 31. c5 dxc5 32. e5 Re8 33. e6 Rfe7 34.
Qc4 c6 35. Nd6 Rd8 36. Nf5 cxd5 37. Nxe7+ Bxe7 38. Qe2 Re8 39. Qe5 Qe4 40. Qh5
Rf8 41. Re1 Qxf3+ 42. Qxf3 Rxf3 43. Kxf3 Kf8 44. Re5 Bd6 45. Rxd5 Ke7 46. g4
Kf6 47. Ke4 1/2-1/2

[Event "Madrid-chT 2223"]
[Site "Madrid"]
[Date "2023.02.05"]
[Round "8.6"]
[White "Romero Fite, Miguel"]
[Black "Yanes Crespo, Javier"]
[Result "1/2-1/2"]
[WhiteElo "2001"]
[BlackElo "1971"]
[PlyCount "51"]
[EventDate "2022.11.20"]
[EventType "team-tourn"]
[EventRounds "14"]
[EventCountry "ESP"]
[SourceTitle "Ajedrez en Madrid"]
[Source "lmi"]
[SourceDate "2022.11.21"]
[SourceVersion "1"]
[SourceVersionDate "2023.03.23"]
[SourceQuality "1"]
[WhiteTeam "San Fernando de Henares"]
[BlackTeam "Virgen de Atocha"]
[WhiteTeamCountry "ESP"]
[BlackTeamCountry "ESP"]

1. d4 d5 2. c4 e6 3. Nc3 Nf6 4. cxd5 exd5 5. Bg5 Be7 6. e3 O-O 7. Bd3 c6 8. Qc2
Nbd7 9. Nge2 Re8 10. O-O Nf8 11. f3 Be6 12. h3 Rc8 13. Rad1 Nh5 14. Bxe7 Qxe7
15. g4 Nf6 16. Ng3 c5 17. Qd2 cxd4 18. exd4 Qc7 19. Kg2 Ng6 20. f4 Nh4+ 21. Kh1
h5 22. Nxh5 Nxh5 23. Qf2 Qxf4 24. Qxf4 Nxf4 25. Rxf4 a6 26. Na4 1/2-1/2

[Event "Madrid-chT 2223"]
[Site "Madrid"]
[Date "2023.02.04"]
[Round "8.2"]
[White "Rottenwohrer Suarez, Juan"]
[Black "Adan Bermudez, Sergio"]
[Result "0-1"]
[WhiteElo "2317"]
[BlackElo "2344"]
[PlyCount "108"]
[EventDate "2022.11.20"]
[EventType "team-tourn"]
[EventRounds "14"]
[EventCountry "ESP"]
[SourceTitle "Ajedrez en Madrid"]
[Source "lmi"]
[SourceDate "2022.11.21"]
[SourceVersion "1"]
[SourceVersionDate "2023.03.23"]
[SourceQuality "1"]
[WhiteTeam "San Sebastian de los Reyes"]
[BlackTeam "Villalba 64"]
[WhiteTeamCountry "ESP"]
[BlackTeamCountry "ESP"]

1. d4 d5 2. c4 dxc4 3. Nf3 e6 4. e3 a6 5. Bxc4 c5 6. O-O Nf6 7. Qe2 b5 8. Bd3
Nc6 9. a4 c4 10. Bc2 Bb7 11. axb5 axb5 12. Rxa8 Bxa8 13. b3 cxb3 14. Bxb3 Qb8
15. e4 Na5 16. Bc2 Be7 17. Bg5 h6 18. Bh4 Qb7 19. d5 Nc4 20. dxe6 fxe6 21. Nbd2
Nxd2 22. Nxd2 O-O 23. f4 Bb4 24. Kh1 Bxd2 25. Bxf6 Bxf4 26. Rxf4 Rxf6 27. Rxf6
gxf6 28. Qg4+ Kf8 29. Qxe6 Qc6 30. Qb3 f5 31. h3 fxe4 32. Bd1 Qd5 33. Qa3+ Ke8
34. Bb3 Qc6 35. Qa1 Kd8 36. Qd4+ Kc7 37. Qe5+ Kb6 38. Qd4+ Ka5 39. Qd2+ Ka6 40.
Qa2+ Kb6 41. Qf2+ Qc5 42. Qf6+ Bc6 43. Qxh6 e3 44. Qe6 Qd4 45. Bd5 Qd1+ 46. Kh2
Qxd5 47. Qxe3+ Qc5 48. Qg3 b4 49. h4 Qd5 50. Qe3+ Ka5 51. Qa7+ Kb5 52. Qb8+ Bb7
53. Qe8+ Ka5 54. Qe2 Qxg2+ 0-1

[Event "Madrid-chT 2223"]
[Site "Madrid"]
[Date "2023.02.04"]
[Round "8.3"]
[White "Guerrero Vargas, Andres Jesus"]
[Black "Alfaya Marcelo, Roberto"]
[Result "0-1"]
[WhiteElo "2345"]
[BlackElo "2230"]
[PlyCount "90"]
[EventDate "2022.11.20"]
[EventType "team-tourn"]
[EventRounds "14"]
[EventCountry "ESP"]
[SourceTitle "Ajedrez en Madrid"]
[Source "lmi"]
[SourceDate "2022.11.21"]
[SourceVersion "1"]
[SourceVersionDate "2023.03.23"]
[SourceQuality "1"]
[WhiteTeam "Villalba 64"]
[BlackTeam "San Sebastian de los Reyes"]
[WhiteTeamCountry "ESP"]
[BlackTeamCountry "ESP"]

1. Nf3 Nf6 2. c4 e6 3. Nc3 d5 4. e3 b6 5. b3 Bb7 6. Bb2 Nbd7 7. Be2 Bd6 8. cxd5
exd5 9. Nb5 Bc5 10. Nbd4 O-O 11. Qc2 Rc8 12. Nf5 Re8 13. h4 Bf8 14. N3d4 g6 15.
Ba6 Bxa6 16. Nc6 Nc5 17. Nxd8 Nd3+ 18. Kd1 Ne4 19. Qc6 Nexf2+ 20. Ke2 Rcxd8 21.
Qc3 d4 22. Nxd4 Ne4 23. Qxc7 Nxb2+ 24. d3 Nxd3 25. a3 Nf4+ 26. Kf3 Nd2+ 27. Kf2
Rxd4 28. exd4 Re2+ 29. Kg3 Bd6 30. Qxd6 Ne4+ 31. Kxf4 Nxd6 32. Rhe1 Rxg2 33.
Ke5 Ne8 34. d5 Bc8 35. d6 f6+ 36. Kf4 Nxd6 37. Re7 Rf2+ 38. Kg3 Rb2 39. Rxa7
Rxb3+ 40. Kh2 Be6 41. Re1 Rb2+ 42. Kg1 Bc4 43. a4 Nf7 44. Rb7 Ne5 45. Re3 Rb1+
0-1

[Event "Madrid-chT 2223"]
[Site "Madrid"]
[Date "2023.02.04"]
[Round "8.4"]
[White "Quevedo Marin, Manuel"]
[Black "Sanchez Gonzalez, Sergio"]
[Result "1-0"]
[WhiteElo "2168"]
[BlackElo "2276"]
[PlyCount "73"]
[EventDate "2022.11.20"]
[EventType "team-tourn"]
[EventRounds "14"]
[EventCountry "ESP"]
[SourceTitle "Ajedrez en Madrid"]
[Source "lmi"]
[SourceDate "2022.11.21"]
[SourceVersion "1"]
[SourceVersionDate "2023.03.23"]
[SourceQuality "1"]
[WhiteTeam "San Sebastian de los Reyes"]
[BlackTeam "Villalba 64"]
[WhiteTeamCountry "ESP"]
[BlackTeamCountry "ESP"]

1. d4 d5 2. c4 c6 3. Nc3 Nf6 4. Nf3 e6 5. e3 Nbd7 6. Qc2 b6 7. cxd5 exd5 8. Bd3
Bb7 9. O-O Be7 10. e4 dxe4 11. Nxe4 O-O 12. Ne5 Nxe5 13. dxe5 Nd5 14. a3 h6 15.
Qe2 Re8 16. Bd2 Qc7 17. f4 f6 18. Qh5 Rad8 19. Qg6 c5 20. Ng3 c4 21. Qh7+ Kf8
22. Bg6 Bc5+ 23. Kh1 Ne7 24. Qh8+ Ng8 25. Bc3 Qc6 26. Be4 Qc7 27. Rae1 Bxe4 28.
Nxe4 Bd4 29. Bb4+ Bc5 30. Bxc5+ bxc5 31. Qh7 Re7 32. Qg6 Qc6 33. Rd1 Rd4 34.
Nd6 Qd5 35. Rde1 Rd2 36. Nf5 Rf7 37. e6 1-0

[Event "Madrid-chT 2223"]
[Site "Madrid"]
[Date "2023.02.04"]
[Round "8.5"]
[White "Perdomo Araujo, Angel Eduardo"]
[Black "Martinez Fernandez, Raul"]
[Result "0-1"]
[WhiteElo "2059"]
[BlackElo "2245"]
[PlyCount "108"]
[EventDate "2022.11.20"]
[EventType "team-tourn"]
[EventRounds "14"]
[EventCountry "ESP"]
[SourceTitle "Ajedrez en Madrid"]
[Source "lmi"]
[SourceDate "2022.11.21"]
[SourceVersion "1"]
[SourceVersionDate "2023.03.23"]
[SourceQuality "1"]
[WhiteTeam "Villalba 64"]
[BlackTeam "San Sebastian de los Reyes"]
[WhiteTeamCountry "ESP"]
[BlackTeamCountry "ESP"]

1. e4 e5 2. Nf3 Nc6 3. Bb5 a6 4. Ba4 Nf6 5. O-O Be7 6. Re1 b5 7. Bb3 d6 8. c3
O-O 9. d3 h6 10. Nbd2 Re8 11. Nf1 Bf8 12. Ne3 Na5 13. Bc2 d5 14. exd5 Nxd5 15.
Nxd5 Qxd5 16. d4 e4 17. Ne5 f5 18. f3 exf3 19. Qxf3 Qxf3 20. gxf3 Nc6 21. Bb3+
Kh7 22. Bf4 Nxe5 23. Bxe5 Bb7 24. Bxc7 Bxf3 25. Kf2 Be4 26. Re2 Rac8 27. Be5 b4
28. Rxe4 fxe4 29. c4 Rxe5 30. dxe5 Bc5+ 31. Kg2 Rd8 32. Rd1 Rxd1 33. Bxd1 Kg6
34. Bg4 h5 35. Bc8 Kg5 36. e6 a5 37. Kf1 Kf4 38. Ke2 g5 39. h3 g4 40. hxg4 hxg4
41. b3 Be7 42. Bd7 g3 43. c5 Bxc5 44. e7 Bxe7 45. Bh3 Ke5 46. Bg2 Kd4 47. Bh1
Bg5 48. Bg2 Bf4 49. Bh1 e3 50. Bc6 Kc3 51. Kf3 Kb2 52. Bb5 Kxa2 53. Bf1 Kxb3
54. Kxf4 e2 0-1

[Event "Madrid-chT 2223"]
[Site "Madrid"]
[Date "2023.02.04"]
[Round "8.6"]
[White "Hernandez Ramos, David"]
[Black "Andrade Sandoval, Bianca"]
[Result "1-0"]
[WhiteElo "2104"]
[BlackElo "1861"]
[PlyCount "43"]
[EventDate "2022.11.20"]
[EventType "team-tourn"]
[EventRounds "14"]
[EventCountry "ESP"]
[SourceTitle "Ajedrez en Madrid"]
[Source "lmi"]
[SourceDate "2022.11.21"]
[SourceVersion "1"]
[SourceVersionDate "2023.03.23"]
[SourceQuality "1"]
[WhiteTeam "San Sebastian de los Reyes"]
[BlackTeam "Villalba 64"]
[WhiteTeamCountry "ESP"]
[BlackTeamCountry "ESP"]

1. d4 d5 2. c4 e6 3. Nc3 Be7 4. Nf3 c6 5. e4 dxe4 6. Nxe4 Nf6 7. Bd3 Nbd7 8.
O-O Nxe4 9. Bxe4 Nf6 10. Bc2 O-O 11. Bg5 h6 12. Bh4 Qc7 13. Qd3 g6 14. Ne5 Bd8
15. Rfe1 Nh7 16. Bxd8 Rxd8 17. Re3 Re8 18. Nxg6 Ng5 19. h4 fxg6 20. Qxg6+ Kf8
21. hxg5 Re7 22. gxh6 1-0

[Event "Madrid-chT 2223"]
[Site "Madrid"]
[Date "2023.02.12"]
[Round "9.1"]
[White "Candela Perez, Jose"]
[Black "Almagro Llamas, Pablo"]
[Result "0-1"]
[WhiteElo "2307"]
[BlackElo "2410"]
[PlyCount "222"]
[EventDate "2022.11.20"]
[EventType "team-tourn"]
[EventRounds "14"]
[EventCountry "ESP"]
[SourceTitle "Ajedrez en Madrid"]
[Source "lmi"]
[SourceDate "2022.11.21"]
[SourceVersion "1"]
[SourceVersionDate "2023.03.23"]
[SourceQuality "1"]
[WhiteTeam "Alcala de Henares"]
[BlackTeam "Virgen de Atocha"]
[WhiteTeamCountry "ESP"]
[BlackTeamCountry "ESP"]

1. d4 Nf6 2. c4 e6 3. Nc3 Bb4 4. Qc2 O-O 5. a3 Bxc3+ 6. Qxc3 d5 7. e3 b6 8. Nf3
Ba6 9. b4 Nbd7 10. Bb2 Rc8 11. Bd3 dxc4 12. Bxc4 Bb7 13. O-O c5 14. dxc5 bxc5
15. b5 Nb6 16. a4 Nxc4 17. Qxc4 Ne4 18. Rfd1 Bd5 19. Qc2 c4 20. Bc3 Qc7 21. Nd2
Nxc3 22. Qxc3 e5 23. e4 Be6 24. Nf1 Rfd8 25. Ne3 Qc5 26. Rxd8+ Rxd8 27. Rd1 Rd4
28. Kf1 g6 29. f3 f5 30. exf5 Bxf5 31. Ke2 Bd3+ 32. Kf2 Rd7 33. Rc1 e4 34. Qd2
Rf7 35. Ke1 Qe5 36. Ng4 Qc5 37. Qe3 Qxe3+ 38. Nxe3 exf3 39. gxf3 Rxf3 40. Kd2
Rf2+ 41. Kc3 Rxh2 42. Nxc4 Bxc4 43. Kxc4 g5 44. a5 Rb2 45. Ra1 Kg7 46. b6 axb6
47. a6 Rc2+ 48. Kb5 Rc8 49. Kxb6 h5 50. Kb7 Rf8 51. Rc1 g4 52. a7 g3 53. Rc8
Rxc8 54. Kxc8 g2 55. a8=Q g1=Q 56. Qb7+ Kh6 57. Qc6+ Qg6 58. Qc1+ Kh7 59. Qc7+
Qg7 60. Qc2+ Kg8 61. Qc4+ Qf7 62. Qh4 Qf5+ 63. Kc7 Kf7 64. Qc4+ Kg7 65. Qd4+
Kh7 66. Qh4 Qg4 67. Qf2 h4 68. Qc2+ Qg6 69. Qe2 h3 70. Kd8 Kh6 71. Qf3 Qd6+ 72.
Kc8 Qe6+ 73. Kd8 Kg5 74. Qg3+ Kh5 75. Kc7 Qc4+ 76. Kb6 Qg4 77. Qe5+ Qg5 78.
Qe2+ Kh4 79. Qf2+ Qg3 80. Qd4+ Kg5 81. Qd5+ Kf4 82. Qd6+ Kf3 83. Qd5+ Kf2 84.
Qd2+ Kg1 85. Qd1+ Kg2 86. Qd5+ Qf3 87. Qg5+ Kf1 88. Qc1+ Kf2 89. Qd2+ Qe2 90.
Qf4+ Kg1 91. Qg3+ Qg2 92. Qe1+ Qf1 93. Qg3+ Kh1 94. Ka5 Qf5+ 95. Ka4 Qe4+ 96.
Ka3 Qg2 97. Qe1+ Kh2 98. Kb4 Qb2+ 99. Ka4 Qd4+ 100. Kb5 Qd3+ 101. Ka4 Kg2 102.
Qh4 Qa6+ 103. Kb4 Qd6+ 104. Ka4 h2 105. Qg4+ Kf2 106. Qf5+ Kg3 107. Qg5+ Kf3
108. Qh5+ Ke3 109. Qh3+ Kd2 110. Qg2+ Kc1 111. Qg5+ Qd2 0-1

[Event "Madrid-chT 2223"]
[Site "Madrid"]
[Date "2023.02.12"]
[Round "9.2"]
[White "Vazquez Torres, Adrian"]
[Black "Fernandez Lledo, Javier"]
[Result "1-0"]
[WhiteElo "2190"]
[BlackElo "2260"]
[PlyCount "67"]
[EventDate "2022.11.20"]
[EventType "team-tourn"]
[EventRounds "14"]
[EventCountry "ESP"]
[SourceTitle "Ajedrez en Madrid"]
[Source "lmi"]
[SourceDate "2022.11.21"]
[SourceVersion "1"]
[SourceVersionDate "2023.03.23"]
[SourceQuality "1"]
[WhiteTeam "Virgen de Atocha"]
[BlackTeam "Alcala de Henares"]
[WhiteTeamCountry "ESP"]
[BlackTeamCountry "ESP"]

1. e4 c5 2. Nf3 e6 3. d3 Nc6 4. g3 Nf6 5. e5 Nd5 6. Bg2 Be7 7. O-O O-O 8. Nbd2
f5 9. exf6 Nxf6 10. Re1 d6 11. c3 h6 12. d4 cxd4 13. Nxd4 Nxd4 14. cxd4 Qa5 15.
Nc4 Qb4 16. b3 Qb5 17. Ba3 Qa6 18. Bb4 Rf7 19. d5 e5 20. a4 Bg4 21. Qd2 Rd8 22.
Bf1 b5 23. axb5 Qc8 24. Rxa7 Bf3 25. Ne3 Qb8 26. Rea1 Ne4 27. Qc2 Qb6 28. R1a6
Qd4 29. Rxe7 Rxe7 30. Nf5 Qxb4 31. Nxe7+ Kh8 32. Nc6 Qe1 33. Nxd8 Nd2 34. Nf7+
1-0

[Event "Madrid-chT 2223"]
[Site "Madrid"]
[Date "2023.02.12"]
[Round "9.3"]
[White "Medina Diaz, Rafael Alejandro"]
[Black "Fernandez de Bobadilla, Gabriel"]
[Result "1-0"]
[WhiteElo "2248"]
[BlackElo "2163"]
[PlyCount "77"]
[EventDate "2022.11.20"]
[EventType "team-tourn"]
[EventRounds "14"]
[EventCountry "ESP"]
[SourceTitle "Ajedrez en Madrid"]
[Source "lmi"]
[SourceDate "2022.11.21"]
[SourceVersion "1"]
[SourceVersionDate "2023.03.23"]
[SourceQuality "1"]
[WhiteTeam "Alcala de Henares"]
[BlackTeam "Virgen de Atocha"]
[WhiteTeamCountry "ESP"]
[BlackTeamCountry "ESP"]

1. e4 e5 2. Nf3 d6 3. Nc3 c5 4. Bc4 g6 5. d3 h6 6. O-O Bg7 7. Ne1 Ne7 8. f4
Nbc6 9. f5 gxf5 10. Qh5 Rf8 11. exf5 Ng8 12. Qg4 Bf6 13. Nd5 Rb8 14. a4 a6 15.
c3 Nce7 16. Bxh6 Nxd5 17. Bxf8 Kxf8 18. Bxd5 Ne7 19. Ba2 d5 20. Qh5 Qb6 21. Rb1
Bd7 22. Nf3 Bxf5 23. Qh6+ Kg8 24. Nxe5 Qe6 25. Rbe1 Bxe5 26. Qxe6 fxe6 27. Rxe5
Rd8 28. Bb1 Nc6 29. Re2 d4 30. g4 Bh7 31. Rxe6 dxc3 32. bxc3 Bxd3 33. Rd1 c4
34. Re3 Rf8 35. Bxd3 cxd3 36. Rdxd3 Rf4 37. Rd7 Rxg4+ 38. Rg3 Rxg3+ 39. hxg3
1-0

[Event "Madrid-chT 2223"]
[Site "Madrid"]
[Date "2023.02.12"]
[Round "9.4"]
[White "Horcajada Reales, Guillermo"]
[Black "Moreno Ibañez, Miguel"]
[Result "1-0"]
[WhiteElo "2081"]
[BlackElo "2242"]
[PlyCount "41"]
[EventDate "2022.11.20"]
[EventType "team-tourn"]
[EventRounds "14"]
[EventCountry "ESP"]
[SourceTitle "Ajedrez en Madrid"]
[Source "lmi"]
[SourceDate "2022.11.21"]
[SourceVersion "1"]
[SourceVersionDate "2023.03.23"]
[SourceQuality "1"]
[WhiteTeam "Virgen de Atocha"]
[BlackTeam "Alcala de Henares"]
[WhiteTeamCountry "ESP"]
[BlackTeamCountry "ESP"]

1. c4 e5 2. Nc3 Nc6 3. g3 g6 4. Bg2 Bg7 5. e4 d6 6. Nge2 f5 7. d3 Nf6 8. O-O
O-O 9. Rb1 Be6 10. Nd5 Qd7 11. b4 Nd8 12. b5 Ne8 13. Qa4 h6 14. Nec3 f4 15. f3
h5 16. Qa3 Bh3 17. b6 Bxg2 18. Kxg2 Ne6 19. bxc7 Ng5 20. Rb2 fxg3 21. Bxg5 1-0